000 00359nam a2200145 i 4500
001 bg
100 1 _aCIOK, Zbigniew
245 0 _aProcesy łączeniowe w układach elektroenergetycznych /
_cZbigniew Ciok.
260 _aWarszawa,
_c1976.
040 _cBPK
041 _apol
080 _a621.316
942 _cKS
008 s pl f |000 0 pol
999 _c16821
_d16821
856 _uhttp://koha.tu.koszalin.pl/cgi-bin/koha/opac-detail.pl?biblionumber=16821
_yKatalog online BPK